Famous... with Mouth-Eyes! Quiz Stats

 Plays Quiz Updated Apr 21, 2018

Challenge
Share
Tweet
Score 0/24 Timer 04:00
0 Plays Today
% Correct
Shrek
97.4%
Albert Einstein
96.4%
Mona Lisa
96.4%
Donald Trump
96.2%
Will Smith
96%
Rocky Balboa
91.4%
Austin Powers
87.9%
Julia Roberts
87.2%
Mick Jagger
84.1%
Catherine, Duchess of Cambridge
80.1%
Angelina Jolie
77.7%
Lucille Ball
77.2%
% Correct
Cowardly Lion
77.2%
Jack Nicholson
77.2%
Lord Voldemort
75.4%
Gene Simmons
74.6%
Mariah Carey
73.7%
Pee-wee Herman
72.6%
Betelgeuse
71.7%
David Beckham
61.8%
John Cleese
46.2%
Gary Busey
44.8%
Captain James T. Kirk
43.3%
Sloth
24.9%

You're not logged in!

Compare scores with friends on all Sporcle quizzes.
OR
Log In

You Might Also Like...

Show Comments

Extras

Top Quizzes Today


Score Distribution

Your Account Isn't Verified!

In order to create a playlist on Sporcle, you need to verify the email address you used during registration. Go to your Sporcle Settings to finish the process.

Report this User

Report this user for behavior that violates our Community Guidelines.

Details: